000 00729nam a22002177a 4500
005 2012092605025.0
008 120926t xxu||||| |||| 00| 0 eng d
010 _aENG-105982
020 _a9789350450307
_c200.00
035 _aEN-89515
037 _bDBAD/PUB
040 _aDPL
_bEnglish
082 _a881
100 _aBajaj, Amrinder
_952635
245 _aAutumn leaves /
_cby Amrinder Bajaj
260 _aCalcutta
_bWriters Workshop
_c2012
270 _a162/92, Lake Gardens
_bCalcutta
_e700045
_mwww.writersworkshopindia.com
300 _a122p.
_c22cm(Hb)
942 _2ddc
_cEN
_mBAJ
_h881
999 _c70321
_d70321